| LEADER | 00994nab#a2200349#ar4500 | ||
|---|---|---|---|
| 001 | 000059080 | ||
| 003 | SVKKK | ||
| 005 | 20070131110639.0 | ||
| 008 | 060411c2005 xr e cze | ||
| FMT | |||
| 038 | |a SVKKK | ||
| 040 | |a SVKKK |b slo |e AACR2 | ||
| 041 | 0 | |a cze | |
| 044 | |a xr |c CZ | ||
| 080 | |a 504.3.064(437.1/.2):911.373 |2 1997 | ||
| 080 | |a 911.373(437.1/.2) |2 1997 | ||
| 245 | 0 | 0 | |a Kvalita ovzduší na českých vesnicích - stav v roce 2003 (malá sídla) |c Bohumil Kotlík ... [et al.] |
| 300 | |b Obr., tab. | ||
| 504 | |a Bibliogr. odkazy | ||
| 650 | 0 | 4 | |a ovzdušie |x kvalita |x kontrola |
| 650 | 0 | 4 | |a vidiek |x kvalita ovzdušia |y 2003 |z Česko |
| 700 | 1 | |a Kazmarová, Helena |4 aut | |
| 700 | 1 | |a Keder, Josef |4 aut | |
| 700 | 1 | |a Kotlík, Bohumil |4 aut | |
| 700 | 1 | |a Kvasničková, Simona |4 aut | |
| 773 | 0 | |t Ochrana ovzduší |x 1211-0337 |g Roč. 17 (37), č. 1 (2005), s. 26-28 | |
| 958 | |a CZ | ||
| 958 | |a NB | ||
| 992 | |a RBX | ||
| BAS | |||
| 852 | |a SVKKK |b BIB | ||
| 998 | |a GEO | ||